|
|
|
|
| LEADER |
01478nam a2200349 i 4500 |
| 001 |
EBC6960983 |
| 003 |
MiAaPQ |
| 005 |
20221126113845.0 |
| 006 |
m o d | |
| 007 |
cr cnu|||||||| |
| 008 |
221126s2022 xx a o 000 0 eng d |
| 020 |
|
|
|a 9781803826240
|q (electronic bk.)
|
| 035 |
|
|
|a (MiAaPQ)EBC6960983
|
| 035 |
|
|
|a (Au-PeEL)EBL6960983
|
| 035 |
|
|
|a (OCoLC)1313890408
|
| 040 |
|
|
|a MiAaPQ
|b eng
|e rda
|e pn
|c MiAaPQ
|d MiAaPQ
|
| 050 |
|
4 |
|a HF5415
|b .J664 2022
|
| 082 |
0 |
|
|a 780
|2 23
|
| 245 |
0 |
0 |
|a Marketization and commodification of history /
|c edited by Brian Jones.
|
| 264 |
|
1 |
|a [Place of publication not identified] :
|b Emerald Publishing Limited,
|c [2022]
|
| 300 |
|
|
|a 1 online resource (133 pages) :
|b illustrations
|
| 336 |
|
|
|a text
|b txt
|2 rdacontent
|
| 337 |
|
|
|a computer
|b c
|2 rdamedia
|
| 338 |
|
|
|a online resource
|b cr
|2 rdacarrier
|
| 588 |
|
|
|a Description based on print version record.
|
| 590 |
|
|
|a Electronic reproduction. Ann Arbor, MI : ProQuest, 2018. Available via World Wide Web. Access may be limited to ProQuest affiliated libraries.
|
| 650 |
|
0 |
|a Marketing.
|
| 655 |
|
4 |
|a Electronic books.
|
| 700 |
1 |
|
|a Jones, Brian,
|e editor.
|
| 776 |
0 |
8 |
|i Print version:
|t Marketization and commodification of history.
|d [Place of publication not identified] : Emerald Publishing Limited, c2022
|h 133 pages
|z 9781803826240
|
| 797 |
2 |
|
|a ProQuest (Firm)
|
| 856 |
4 |
0 |
|u https://ebookcentral.proquest.com/lib/matrademy/detail.action?docID=6960983
|z Click to View
|